<?xml version="1.0" encoding="UTF-8"?>
<marc:record xmlns:marc="http://www.loc.gov/MARC21/slim">
   <marc:leader>00000nam a2200000 a 4500</marc:leader>
   <marc:datafield ind1="1" ind2=" " tag="100">
      <marc:subfield code="a">Dobretsberger, Christine</marc:subfield>
      <marc:subfield code="4">aut</marc:subfield>
      <marc:subfield code="e">Verfasser/-in</marc:subfield>
   </marc:datafield>
   <marc:datafield ind1="0" ind2="0" tag="245">
      <marc:subfield code="a">"Was ich liebe, gibt mir Kraft"</marc:subfield>
   </marc:datafield>
   <marc:datafield ind1="0" ind2="0" tag="245">
      <marc:subfield code="b">Bühnenstars aus Oper und Theater erzählen</marc:subfield>
   </marc:datafield>
   <marc:datafield ind1="0" ind2="0" tag="245">
      <marc:subfield code="c">Dobretsberger, Christine</marc:subfield>
   </marc:datafield>
   <marc:datafield ind1=" " ind2="1" tag="264">
      <marc:subfield code="c">2015</marc:subfield>
   </marc:datafield>
   <marc:datafield ind1="1" ind2=" " tag="520">
      <marc:subfield code="a">Buchbeschreibung: &#xD;
&#xD;
&#xD;
&#xD;
Es gibt Künstlerinnen, die das Licht auf der Bühne stärker einzufangen scheinen als ihre Kolleginnen und Kollegen. Sie sind Stars, Ausnahmeerscheinungen in der Kulturszene.&#xD;
Mehr noch: Sie prägen die Theater-, Film- und Opernwelt seit vielen Jahrzehnten, sind tonangebend in ihrem kreativen Schaffen und fest im Herzen des Publikums verankert.&#xD;
Doch was ist ihr Ansporn, lebenslang kreativ tätig zu sein? Woher schöpfen diese Frauen ihre (Schaffens)Kraft? Zehn außergewöhnliche Frauen im offenen Gespräch:&#xD;
&#xD;
- Senta Berger: Film- und Fernsehstar von internationalem Format&#xD;
- Renate Holm: 50 Jahre Star der Wiener Staatsoper&#xD;
- Christa Ludwig: Mezzosopran von Weltrang&#xD;
- Erni Mangold: Grande Dame österreichischer und deutscher Bühnen&#xD;
- Elisabeth Orth: Burgtheater-Doyenne&#xD;
- Christine Ostermayer: bayrische Staatsschauspielerin und Wiener Bühnenstar&#xD;
- Elfriede Ott: Kammerschauspielerin, Bühnenliebling und Lehrende&#xD;
- Erika Pluhar: Schauspielerin, Sängerin, Schriftstellerin&#xD;
- Hilde Zadek: gefeierte Sopranistin und engagierte Lehrende&#xD;
- Bibiana Zeller: die legendäre "Ilse Kottan"&#xD;
[Verlagstext]</marc:subfield>
   </marc:datafield>
   <marc:datafield ind1=" " ind2=" " tag="020">
      <marc:subfield code="a">9783222135170</marc:subfield>
      <marc:subfield code="9">9783222135170</marc:subfield>
   </marc:datafield>
   <marc:datafield ind1=" " ind2=" " tag="020">
      <marc:subfield code="a">3222135177</marc:subfield>
      <marc:subfield code="9">3222135177</marc:subfield>
   </marc:datafield>
   <marc:datafield ind1=" " ind2=" " tag="041">
      <marc:subfield code="a">ger</marc:subfield>
   </marc:datafield>
   <marc:datafield ind1=" " ind2=" " tag="300">
      <marc:subfield code="b">Fotos</marc:subfield>
   </marc:datafield>
   <marc:datafield ind1="1" ind2=" " tag="521">
      <marc:subfield code="a">7</marc:subfield>
   </marc:datafield>
   <marc:datafield ind1=" " ind2=" " tag="338">
      <marc:subfield code="a">Band</marc:subfield>
   </marc:datafield>
   <marc:datafield ind1=" " ind2=" " tag="300">
      <marc:subfield code="a">175 S.</marc:subfield>
   </marc:datafield>
</marc:record>
